Elementos de química : (Registro nro. 7834)
[ vista simple ]
| 000 -CABECERA | |
|---|---|
| Campo de control interno | 01930nam a2200253Ia 4500 |
| 008 - ELEMENTOS DE LONGITUD FIJA - INFORMACIÓN GENERAL | |
| Campo de control de longitud fija | 260220t1961||||xx |||||||||||||| ||spa|| |
| 040 ## - FUENTE DE CATALOGACIÓN | |
| Agencia de catalogación original | PY-SlUNAC |
| Idioma de catalogación | spa |
| Convenciones de descripción | rda |
| 041 ## - CÓDIGO DE IDIOMA | |
| Código de idioma para texto/pista de sonido o título separado | spa |
| 082 ## - NÚMERO DE CLASIFICACIÓN DECIMAL DEWEY | |
| Clasificación Decimal Dewey (CDD) | 540 |
| Clasificación Expansiva de Cutter (EC) | C111e |
| 100 ## - ASIENTO PRINCIPAL - NOMBRE PERSONAL | |
| Nombre personal | Cabezas Serra, Miguel |
| Rol del autor | Autor |
| 245 #0 - TÍTULO | |
| Título | Elementos de química : |
| Subtítulo | con problemas y experiencias de laboratorio / |
| Mención de responsabilidad | por Miguel Cabezas Serra [Autor] |
| 250 ## - MENCIÓN DE EDICIÓN | |
| Mención de edición | Quinta edición |
| 264 ## - PIE DE IMPRENTA | |
| Lugar | Barcelona : |
| Editorial | Cabezas-Serra, |
| Año | ℗1961. |
| 300 ## - DESCRIPCIÓN FÍSICA | |
| Páginas | 366 páginas |
| 520 ## - NOTA DE RESUMEN | |
| Nota de resumen | "Elementos de química" de Miguel Cabezas Serra es una obra fundamental que aborda los principios básicos de la química, integrando teoría y práctica mediante problemas y experiencias de laboratorio. A lo largo del texto, el autor presenta conceptos esenciales como la estructura atómica, enlaces químicos, reacciones y estequiometría, en un formato accesible para estudiantes de química. Cabezas Serra enfatiza el aprendizaje práctico, proporcionando una serie de experimentos que permiten a los lectores aplicar los conocimientos adquiridos en un entorno de laboratorio. La obra también incluye problemas resueltos y ejercicios propuestos, diseñados para reforzar la comprensión de los temas tratados. Este enfoque didáctico busca no solo informar, sino también incentivar el pensamiento crítico y la curiosidad científica. Con una clara estructura organizativa y un lenguaje claro, el libro se convierte en una herramienta valiosa para estudiantes y educadores, facilitando el aprendizaje de la química de manera efectiva y atractiva. Su publicación en 1961 marca un aporte significativo a la educación científica en el ámbito hispanohablante. |
| 653 ## - MATERIA - TÉRMINO TEMÁTICO NO CONTROLADO (PALABRAS CLAVE) | |
| Materia - término temático no controlado (palabras clave) | Educación científica |
| 653 ## - MATERIA - TÉRMINO TEMÁTICO NO CONTROLADO (PALABRAS CLAVE) | |
| Materia - término temático no controlado (palabras clave) | Experimentos |
| 653 ## - MATERIA - TÉRMINO TEMÁTICO NO CONTROLADO (PALABRAS CLAVE) | |
| Materia - término temático no controlado (palabras clave) | Química |
| 942 ## - ELEMENTOS PERSONALIZADOS (KOHA) | |
| Fecha catalogación | 2026/02/17 |
| Tipo de documento | Libros |
| Fuente de Clasificacion | Colección | Ubicacion permanente | Biblioteca actual | Fecha de Ingreso a la Biblioteca | Origen de adquisición | Enumeración en serie / cronología | Código de ubicación | Código de barras | Tipo de Item KOHA | Nota pública |
|---|---|---|---|---|---|---|---|---|---|---|
| Dewey Decimal Classification | Colección General (CG) | Biblioteca e Internet, Facultad de Ciencias Exactas y Naturales | Biblioteca e Internet, Facultad de Ciencias Exactas y Naturales | 02/20/2026 | Donación | 5aEd. | 540 C111e | CG1194 | Libros | Material disponible en la Biblioteca e Intenet, Campus UNA, San Lorenzo. |


